000 00455nam a2200181Ia 4500
001 21495
005 20260306172923.0
008 260306t2009||||xx |||||||||||||| ||spa||
041 _aESP
082 _a345.1C6
_bP42
100 _aPeña Cabrera Freyre, Alonso Raúl [1969-...]
_eAUT
245 0 _aEl nuevo proceso penal peruano
260 _c2009
300 _a438 páginas :
_c24 cm.
650 _aGEN
654 _aCDE
942 _cLIB
_dJUS
_fJUS
_2ddc
_n
999 _c21495
_d21495